Wessex guide to estimating for small works (Record no. 112331)

MARC details
000 -LEADER
fixed length control field 01026cam a22002655a 4500
001 - CONTROL NUMBER
control field L153020
008 - FIXED-LENGTH DATA ELEMENTS--GENERAL INFORMATION
fixed length control field 100428s2011 xxk f 000 0 eng d
020 ## - INTERNATIONAL STANDARD BOOK NUMBER
International Standard Book Number 9781907196126
035 ## - SYSTEM CONTROL NUMBER
System control number (Sirsi) u153020
041 0# - LANGUAGE CODE
Language code of text/sound track or separate title eng
050 04 - LIBRARY OF CONGRESS CALL NUMBER
Classification number 692.5 $2 18
110 2# - MAIN ENTRY--CORPORATE NAME
Corporate name or jurisdiction name as entry element Building Cost Information Service
9 (RLIN) 1096
245 00 - TITLE STATEMENT
Title Wessex guide to estimating for small works
Remainder of title 2011
250 ## - EDITION STATEMENT
Edition statement 17th ed.
260 ## - PUBLICATION, DISTRIBUTION, ETC.
Place of publication, distribution, etc. Poole
Name of publisher, distributor, etc. BCIS
Date of publication, distribution, etc. 2011
300 ## - PHYSICAL DESCRIPTION
Extent 1v.
Dimensions 21cm.
350 ## - PRICE (NR) (BK AM CF MU VM SE) [OBSOLETE]
Price 55
520 ## - SUMMARY, ETC.
Summary, etc. The aim of this book is to assist the smaller builder to estimate the cost of building works quickly and simply. The book gives the cost of each building section or element and provides a comprehensive selection of standard estimates priced in sections for a range of traditionally constructed building extensions of various types and sizes.
520 ## - SUMMARY, ETC.
Summary, etc. Supersedes 16th ed. (ISBN 9781904829997).
521 ## - TARGET AUDIENCE NOTE
Target audience note Advanced
590 ## - LOCAL NOTE (RLIN)
Local note KA
651 #4 - SUBJECT ADDED ENTRY--GEOGRAPHIC NAME
Geographic name United Kingdom
Chronological subdivision
690 ## - LOCAL SUBJECT ADDED ENTRY--TOPICAL TERM (OCLC, RLIN)
Topical term or geographic name as entry element BUILT ENVIRONMENT-BUILDING COSTS
942 ## - ADDED ENTRY ELEMENTS (KOHA)
Suppress in OPAC 0
Holdings
Withdrawn status Lost status Source of classification or shelving scheme Damaged status Not for loan Home library Current library Shelving location Date acquired Total Checkouts Full call number Barcode Date last seen Copy number Price effective from Koha item type
    Dewey Decimal Classification     London London Books 24/05/2011   RICS 2011/17 30075661 06/08/2019 1 06/08/2019 Book
    Dewey Decimal Classification     London London Basement 24/05/2011   BASEMENT 30075664 06/08/2019 3 06/08/2019 Book